[Event "RSA-chT U16"]
[Site "Cape Town"]
[Date "2016.01.04"]
[Round "1.8"]
[White "Andrews, Donovan"]
[Black "Steyn, Dian"]
[Result "1/2-1/2"]
[WhiteElo "1019"]
[BlackElo "1011"]
[PlyCount "64"]
[EventDate "2016.01.04"]
[EventType "team-tourn"]
[EventRounds "7"]
[EventCountry "RSA"]
[SourceTitle "CBM 170 Extra"]
[Source "ChessBase"]
[SourceDate "2016.02.25"]
[SourceVersion "1"]
[SourceVersionDate "2016.02.25"]
[SourceQuality "1"]
[WhiteTeam "Kenneth Kaunda"]
[BlackTeam "Ekurhuleni"]
[WhiteTeamCountry "RSA"]
[BlackTeamCountry "RSA"]

1. e4 e5 2. Nf3 Nc6 3. Bc4 Bc5 4. d3 d6 5. h3 Nf6 6. Nc3 h6 7. Nd5 Nd4 8. c3 Nc6 9. a3 g5 10. Be3 Bxe3 11. fxe3 g4 12. Nd2 Nxd5 13. Bxd5 Qh4+ 14. Kf1 gxh3 15. Qf3 Be6 16. Bxe6 fxe6 17. Rxh3 Qe7 18. Qh5+ Kd7 19. Ke2 Rag8 20. g3 Rg5 21. Qf3 Rf8 22. Qh1 Qg7 23. Nf1 h5 24. Rxh5 Qf6 25. Re1 Qf2+ 26. Kd1 Rxh5 27. Qxh5 Qxb2 28. Qe2 Qa1+ 29. Kc2 Qxa3 30. Rb1 Qa4+ 31. Kc1 Qa2 32. Rb2 Qa3 1/2-1/2